| 000 | 00418nam a2200145 a 4500 | ||
|---|---|---|---|
| 005 | 20140513081049.0 | ||
| 008 | 020906s19uu xx 00 eng d | ||
| 050 |
_aP 595.7 _bINS 2000 |
||
| 245 | _aInsects. | ||
| 260 |
_aJohannesburg, South Africa : _bThe Chart Studio (Pty) Ltd, _c2000. |
||
| 300 | _aPoster | ||
| 520 | _aInsects are small six legged animals with no backbone. | ||
| 650 | _aInsects | ||
| 999 |
_c116254 _d116254 |
||